000 00753cam a22002531 4500
001 77729
003 BD-RjUL
005 20211209083021.0
008 210103s19691959nyu 000 0beng
035 _a(BD-RjUL)
040 _aDLC
_cDLC
_dDLC
_beng
041 _aeng
082 0 0 _a821.9
_219
_bKEI 1969
100 1 _aKenner, Hugh.
_9243181
245 1 4 _aThe invisible poet: T. S. Eliot. /
_cHugh Kenner
260 _aLondon :
_bMethuen ,
_c[1959]1969
300 _a298 p. ;
_c22 cm.
600 1 0 _aEliot, T. S.
_q(Thomas Stearns),
_d1888-1965.
_9243182
650 0 _aPoets, American
_y20th century
_xBiography.
_9243183
906 _a7
_bcbc
_corignew
_du
_eocip
_f19
_gy-gencatlg
942 _2ddc
_cBK
999 _c77729
_d77729